Theology for teachers/ (Record no. 9600)

MARC details
000 -LEADER
fixed length control field 00563nam a22001937a 4500
003 - CONTROL NUMBER IDENTIFIER
control field OSt
005 - DATE AND TIME OF LATEST TRANSACTION
control field 20260421081805.0
008 - FIXED-LENGTH DATA ELEMENTS--GENERAL INFORMATION
fixed length control field 260421b |||||||| |||| 00| 0 eng d
020 ## - INTERNATIONAL STANDARD BOOK NUMBER
International Standard Book Number 971-501-969-2
040 ## - CATALOGING SOURCE
Original cataloging agency DWCL-Main lib
Transcribing agency OC
082 ## - DEWEY DECIMAL CLASSIFICATION NUMBER
Classification number Circ. 201.1 K77t 2003
100 ## - MAIN ENTRY--PERSONAL NAME
Personal name Knox, Ian, C.S.SP.
245 ## - TITLE STATEMENT
Title Theology for teachers/
Statement of responsibility, etc. Knox, Ian, C.S.SP.
260 ## - PUBLICATION, DISTRIBUTION, ETC.
Place of publication, distribution, etc. Quezon City :
Name of publisher, distributor, etc. Claretian Pub.,
Date of publication, distribution, etc. c2003
300 ## - PHYSICAL DESCRIPTION
Extent 374 pages. ;
Dimensions 23 cm.
504 ## - BIBLIOGRAPHY, ETC. NOTE
Bibliography, etc. note Includes appendix, glossary & index
650 ## - SUBJECT ADDED ENTRY--TOPICAL TERM
Topical term or geographic name entry element Theology
942 ## - ADDED ENTRY ELEMENTS (KOHA)
Source of classification or shelving scheme Dewey Decimal Classification
Koha item type Book Circulation
Classification part Circ.
Suppress in OPAC No
952 ## - LOCATION AND ITEM INFORMATION (KOHA)
--
952 ## - LOCATION AND ITEM INFORMATION (KOHA)
--
Holdings
Withdrawn status Lost status Source of classification or shelving scheme Damaged status Not for loan Home library Current library Shelving location Date acquired Cost, normal purchase price Total Checkouts Full call number Barcode Date last seen Copy number Price effective from Koha item type Uniform Resource Identifier
    Dewey Decimal Classification     College Library College Library Circulation 07/09/2004 374.00   Circ. 201.1 K77t 2003 CL40420 04/21/2026 c1 04/21/2026 BK-CIRC
    Dewey Decimal Classification     College Library College Library Circulation 07/09/2004 374.00   Circ. 201.1 K77t 2003 CL40421 04/21/2026 c2 04/21/2026 BK-CIRC